|
|
|
|
| LEADER |
00000cam a22000004a 4500 |
| 001 |
musev2_70026 |
| 003 |
MdBmJHUP |
| 005 |
20230905051227.0 |
| 006 |
m o d |
| 007 |
cr||||||||nn|n |
| 008 |
080206s2003 ncu o 00 0 eng d |
| 010 |
|
|
|z 2003016058
|
| 020 |
|
|
|a 9780822385295
|
| 020 |
|
|
|z 9780822332473
|
| 020 |
|
|
|z 9780822332336
|
| 035 |
|
|
|a (OCoLC)1055288169
|
| 040 |
|
|
|a MdBmJHUP
|c MdBmJHUP
|
| 100 |
1 |
|
|a Sundiata, I. K.,
|e author.
|
| 245 |
1 |
0 |
|a Brothers and Strangers :
|b Black Zion, Black Slavery, 1914-1940 /
|c Ibrahim Sundiata.
|
| 264 |
|
1 |
|a Durham [N.C.] :
|b Duke University Press,
|c 2003.
|
| 264 |
|
3 |
|a Baltimore, Md. :
|b Project MUSE,
|c 2020
|
| 264 |
|
4 |
|c ©2003.
|
| 300 |
|
|
|a 1 online resource (456 pages):
|b illustrations
|
| 336 |
|
|
|a text
|b txt
|2 rdacontent
|
| 337 |
|
|
|a computer
|b c
|2 rdamedia
|
| 338 |
|
|
|a online resource
|b cr
|2 rdacarrier
|
| 505 |
0 |
|
|a Confronting the motherland -- The Black Zion -- Abuse -- Investigation of an investigation -- Dollar diplomacy -- A new deal for Liberia -- Enterprise in black and white -- The literary mirror -- The "native problem" -- Fascism and new zions -- Postscript : Africa and human rights.
|
| 520 |
|
|
|a An account of the rise, fall, and persistence of the 20th century's Black Zionist dream -- the movement's creation of a homeland in Africa.
|
| 546 |
|
|
|a English.
|
| 588 |
|
|
|a Description based on print version record.
|
| 600 |
1 |
7 |
|a Garvey, Marcus,
|d 1887-1940.
|2 fast
|0 (OCoLC)fst00038725
|
| 600 |
1 |
0 |
|a Garvey, Marcus,
|d 1887-1940.
|
| 650 |
|
6 |
|a Noirs americains
|x Colonisation
|z Afrique.
|
| 650 |
|
6 |
|a Noirs americains
|x Colonisation
|z Liberia.
|
| 650 |
|
6 |
|a Retour en Afrique (Mouvement)
|
| 650 |
1 |
7 |
|a Emigratie.
|2 gtt
|
| 650 |
1 |
7 |
|a Negers.
|2 gtt
|
| 650 |
|
7 |
|a Back to Africa movement.
|2 fast
|0 (OCoLC)fst00825088
|
| 650 |
|
7 |
|a African Americans
|x Colonization.
|2 fast
|0 (OCoLC)fst00799587
|
| 650 |
|
7 |
|a HISTORY
|z Africa
|x General.
|2 bisacsh
|
| 650 |
|
7 |
|a HISTORY
|z Africa
|x West.
|2 bisacsh
|
| 650 |
|
0 |
|a African Americans
|x Colonization
|z Africa.
|
| 650 |
|
0 |
|a African Americans
|x Colonization
|z Liberia.
|
| 650 |
|
0 |
|a Back to Africa movement.
|
| 651 |
|
6 |
|a Liberia
|x Histoire
|y 1847-1944.
|
| 651 |
|
7 |
|a Liberia.
|2 fast
|0 (OCoLC)fst01205331
|
| 651 |
|
7 |
|a Africa.
|2 fast
|0 (OCoLC)fst01239509
|
| 651 |
|
0 |
|a Liberia
|x History
|y 1847-1944.
|
| 655 |
|
7 |
|a History.
|2 fast
|0 (OCoLC)fst01411628
|
| 655 |
|
7 |
|a Electronic books.
|2 local
|
| 710 |
2 |
|
|a Project Muse.
|e distributor
|
| 830 |
|
0 |
|a Book collections on Project MUSE.
|
| 856 |
4 |
0 |
|z Texto completo
|u https://projectmuse.uam.elogim.com/book/70026/
|
| 945 |
|
|
|a Project MUSE - Custom Collection
|